مكتبة جامعة عجلون الوطنية

فهرس بحث المكتبة

الادارة الاستراتيجية لتكاليف النقل ودورها في تنمية حركة التجارة العربية البينية (Record no. 16881)

MARC details
000 -LEADER
fixed length control field 01100nam a2200229Ii 4500
003 - CONTROL NUMBER IDENTIFIER
control field JO-AjNU
008 - FIXED-LENGTH DATA ELEMENTS--GENERAL INFORMATION
fixed length control field 230605s9999||||xx |||||||||||||| ||und||
017 ## - COPYRIGHT OR LEGAL DEPOSIT NUMBER
Copyright or legal deposit number 2003/13377
020 ## - INTERNATIONAL STANDARD BOOK NUMBER
International Standard Book Number 977-5024-58-7
040 ## - CATALOGING SOURCE
Original cataloging agency JO-AjNU
Language of cataloging ara
Description conventions rda
Transcribing agency JO-AjNU
041 ## - LANGUAGE CODE
Language code of text/sound track or separate title ara
050 14 - LIBRARY OF CONGRESS CALL NUMBER
Classification number HF281.5.A2.I33.2003
100 3# - MAIN ENTRY--PERSONAL NAME
Personal name اعداد:محمد محمود يوسف,
Relator term author
9 (RLIN) 32859
245 00 - TITLE STATEMENT
Title الادارة الاستراتيجية لتكاليف النقل ودورها في تنمية حركة التجارة العربية البينية
264 31 - PRODUCTION, PUBLICATION, DISTRIBUTION, MANUFACTURE, AND COPYRIGHT NOTICE
Place of production, publication, distribution, manufacture القاهرة: المنظمة العربية للتنمية الادارية،2003
300 ## - PHYSICAL DESCRIPTION
Extent 214ص
Other physical details يحتوي على جداول،يحتوي على ببلوغرافية من ص209-214
336 ## - CONTENT TYPE
Content type term text
Content type code txt
Source rdacontent
337 ## - MEDIA TYPE
Media type term unmediated
Media type code n
Source rdamedia
338 ## - CARRIER TYPE
Carrier type term volume
Carrier type code nc
Source rdacarrier
490 0# - SERIES STATEMENT
Series statement المنظمة العربية للتنمية الادارية بحوث ودراسات
650 #4 - SUBJECT ADDED ENTRY--TOPICAL TERM
Topical term or geographic name entry element النقل-البلاد العربية-التجارة -البلاد العربية-النقل-جوانب اقتصادية
9 (RLIN) 32860
Holdings
Withdrawn status Lost status Source of classification or shelving scheme Damaged status Not for loan Home library Current library Shelving location Date acquired Total Checkouts Full call number Barcode Date last seen Price effective from Koha item type
    Library of Congress Classification     مكتبة جامعة عجلون الوطنية مكتبة جامعة عجلون الوطنية المجموعات العامة 06/06/2023   HF281.5.A2.I33.2003 A13313 06/06/2023 06/06/2023 Books